000
00245nam a22001217a 4500
041
_a
ENG
100
_a
Franzini.
245
_a
Water-Resources Engineering
260
_a
London
_b
McGraw -HIll
_c
1984
300
_a
654
650
_a
48
856
_u
48
999
_c
3125
_d
3125